Statistics for NRL - Sponsors

Click here to take the quiz!

General Stats

  • This quiz has been taken 40 times
  • The average score is 13 of 16

Answer Stats

HintAnswer% Correct
st george bankdragons
97%
pirtekeels
90%
oakpanthers
90%
stegglesroosters
90%
toyotacowboys
87%
nibknights
87%
vodafonewarriors
83%
wowbroncos
80%
fone zoneraiders
80%
jetstartitans
80%
DeLonghirabbitohs
77%
kasperskysea eagles
77%
medibankstorm
77%
meritontigers
77%
LGsharks
73%
Jaycarbuldogs
33%

Score Distribution

Percentile by Number Answered

Percent of People with Each Score

Your Score History

You have not taken this quiz